|
|
|
|
| LEADER |
00000nab a2200000 a 4500 |
| 001 |
vtls000810496 |
| 003 |
SK-MaSNL |
| 005 |
20260302150552.0 |
| 008 |
180205c2002 xo 0 slo |
| 015 |
|
|
|a SNBRB2002/10-32597
|
| 035 |
|
|
|a CLN000162151
|
| 040 |
|
|
|a SNKBUCL
|b slo
|c SNKBUCL
|e AACR2
|
| 041 |
0 |
|
|a slo
|
| 044 |
|
|
|a xo
|c SK
|
| 080 |
|
|
|a 631-051
|2 UDC-MRF-SK2
|
| 100 |
1 |
|
|a Peňkovský, Geňo
|4 ain
|9 838737
|
| 245 |
1 |
0 |
|a Š. Palacka: Nie všetko sa dá naučiť, prečítať zo skrípt
|c [zhováral sa] Geňo Peňkovský
|
| 300 |
|
|
|b Fotogr.
|
| 600 |
1 |
7 |
|a Palacka, Štefan
|2 snkbucl
|9 782941
|
| 655 |
|
7 |
|a články z novín a časopisov
|2 snkbucl
|9 267496
|
| 700 |
1 |
|
|a Palacka, Štefan
|4 aut
|4 uin
|9 782941
|
| 773 |
0 |
|
|x 0231-6617
|t Roľnícke noviny
|g Č. 187 (27.9.2002), s. 1 a 5
|
| 850 |
|
|
|a Slovenská národná knižnica v Martine
|
| 852 |
|
|
|a SNK
|b KIS3GCP
|
| 958 |
|
|
|a RBX
|
| 999 |
|
|
|c 1357579
|d 1359509
|